| 000 | 00706nam a2200193 a 4500 | ||
|---|---|---|---|
| 003 | 0 | ||
| 005 | 20250317104742.0 | ||
| 008 | 080924s19uu xx 00 eng d | ||
| 050 |
_aPHS BF 698 _b.J34 2008 |
||
| 100 | _aJeon, Seon Ho. | ||
| 245 |
_aThe Association between temperament and test anxiety of grade 11 SISC students / _cSeon Ho Jeon. |
||
| 260 |
_aLas PiƱas City, Philippines : _bSouthville International School and Colleges, _c2008. |
||
| 300 |
_a41 pages : _billustrations ; _c28 cm. |
||
| 650 | _aTemperament. | ||
| 650 | _aTest anxiety. | ||
| 650 |
_aAcademic achievement _xPsychological aspects. |
||
| 650 |
_aEducational tests and measurements _xPsychological aspects. |
||
| 942 |
_2lcc _cPASS |
||
| 999 |
_c98105 _d98105 |
||